Compressors DVD; computer based training with one page pamphlet; USB containing hardware lock; 1x CD containing driver (Record no. 292734)
[ view plain ]
| 000 -LEADER | |
|---|---|
| fixed length control field | 00485 a2200145 4500 |
| 001 - CONTROL NUMBER | |
| control field | 57661 |
| 082 ## - DEWEY DECIMAL CLASSIFICATION NUMBER | |
| Classification number | 80289 YES |
| 090 ## - LOCALLY ASSIGNED LC-TYPE CALL NUMBER (OCLC); LOCAL CALL NUMBER (RLIN) | |
| -- | 35342 |
| -- | 35342 |
| 100 ## - MAIN ENTRY--PERSONAL NAME | |
| Personal name | Yes Yen Graphi Technology |
| 245 ## - TITLE STATEMENT | |
| Title | Compressors DVD; computer based training with one page pamphlet; USB containing hardware lock; 1x CD containing driver |
| 260 ## - PUBLICATION, DISTRIBUTION, ETC. | |
| Place of publication, distribution, etc. | Chennai India |
| 300 ## - PHYSICAL DESCRIPTION | |
| Accompanying material | with one page pamphlet; USB containing hardware lock; 1x CD containing driver |
| 500 ## - GENERAL NOTE | |
| General note | CD/DVD |
| 505 ## - FORMATTED CONTENTS NOTE | |
| Formatted contents note | Aerospace |
| 942 ## - ADDED ENTRY ELEMENTS (KOHA) | |
| Institution code [OBSOLETE] | NUST-CAE |
| Call number prefix | 80289 YES |
| Withdrawn status | Lost status | Damaged status | Not for loan | Collection code | Permanent Location | Current Location | Date acquired | Total Checkouts | Full call number | Barcode | Date last seen | Price effective from | Koha item type |
|---|---|---|---|---|---|---|---|---|---|---|---|---|---|
| College of Aeronautical Engineering (CAE) | College of Aeronautical Engineering (CAE) | 04/03/2017 | 80289 YES | CAE80289 | 04/05/2017 | 04/05/2017 | Book |
